| 000 | 00320nam a2200133 a 4500 | ||
|---|---|---|---|
| 001 | 4267 | ||
| 003 | CDMR | ||
| 005 | 20130116135254.0 | ||
| 008 | 130130s1988||||||||||||||||||||||||||||d | ||
| 040 |
_aCDMR _bcat _cCDMR |
||
| 245 | 0 | _aCrónica del año 1987 | |
| 260 |
_aEsplugas de Llobregat _c1988 _bPlaza & Janés |
||
| 942 | _cMON | ||
| 999 |
_c4267 _d4267 |
||